| 000 | 00415nam a22001697a 4500 | ||
|---|---|---|---|
| 003 | MACL | ||
| 005 | 20211204132502.0 | ||
| 008 | 211204b |||||||| |||| 00| 0 eng d | ||
| 040 | _cMACL | ||
| 082 | _a796 | ||
| 100 |
_aNARANG,PRIYANKA _932382 |
||
| 245 |
_aWEIGHT LIFTING _bTeach Yourself |
||
| 260 |
_aNew Delhi _bSPORTS PUBLICATION _c2012 |
||
| 300 | _aP68 | ||
| 650 |
_aOUT DOOR GAME _932401 |
||
| 942 |
_2ddc _cBK |
||
| 999 |
_c64521 _d64521 |
||